| 000 | 01555cam a2200469 a 4500 | ||
|---|---|---|---|
| 001 | 22720 | ||
| 003 | SK-KTurca | ||
| 005 | 20260421152427.0 | ||
| 008 | 240226s1988 xo oda frn 001 0 slo | ||
| 015 | _aSNBA1988/12 | ||
| 020 | _q(viazané) | ||
| 035 | _aSNK000065962 | ||
| 035 | _a7B8618CC-6AA8-4B49-8CC3-91C753761674 | ||
| 035 | _aurn:nbn:sk:snk-am00iiyt | ||
| 040 |
_aSNK _bslo _cSNK _eAACR2 |
||
| 041 | 0 | _aslo | |
| 044 |
_axo _cSK |
||
| 072 | 7 |
_a639.1 _xPoľovníctvo _2konspekt |
|
| 080 |
_a639.1 _21981 |
||
| 080 |
_a639.1 _22011 |
||
| 080 |
_a(048.8:082) _22011 |
||
| 100 | 1 |
_aBakoš, Alexander, _d1934-2021 _4aut |
|
| 245 | 1 | 0 |
_aZáklady poľovníctva _cAlexander Bakoš a kolektív |
| 250 | _a1. vyd. | ||
| 260 |
_aBratislava _bPríroda _c1988 _eMartin _fTlačiarne SNP |
||
| 300 |
_a356 strán, XXXII strán obrazových príloh _bfotografie (niektoré farebné), grafy, ilustrácie _c25 cm |
||
| 366 | _e30000 výtl. | ||
| 490 | 1 | _aPoľovníctvo | |
| 504 | _aBibliografia na strane 343. Latinský a slovenský register | ||
| 650 | 0 | 7 |
_apoľovníctvo _2SNKPH |
| 655 | 7 |
_akolektívne monografie _2SNKPH |
|
| 700 | 1 |
_aHell, Pavel, _d1930-2009 _4aut |
|
| 700 | 1 |
_aKirner, Karol , _d1922- _4aut |
|
| 700 | 1 |
_aOpálený, Andrej _4aut |
|
| 700 | 1 |
_aRalbovský, Ferdinand, _d1919-1987 _4aut |
|
| 700 | 1 |
_aSlimák, Koloman, _d1903-1996 _4aut |
|
| 700 | 1 |
_aSoviš, Branislav, _d1930- _4aut |
|
| 700 | 1 |
_aTeren, Štefan, _d1912-2003 _4aut |
|
| 830 | 0 | _aPoľovníctvo | |
| 942 |
_2ddc _cOLDO _n0 |
||
| 999 |
_c22720 _d22720 |
||